Largest Empires in History: 121st to 137th - Statistics

General Stats
  • This quiz has been taken 19 times
  • The average score is 6 of 16
Answer Stats
Duration Size (sq mi) Location Empire % Correct
1428 to 1521 85,000 North America {Aztec} Empire
100%
4500 BC to 1900 BC 20,000 Asia Sumer
100%
2025 BC to 1378 BC 60,000 Asia Old {Assyrian} Empire
83%
1894 BC to 1595 BC 100,000 Asia First {Babylonian} Empire
67%
3300 BC to 1300 BC 120,000 Asia {Indus Valley} Civilisation
50%
2700 BC to 539 BC 80,000 Asia {Elamite} Empire
33%
2500 BC to 2110 BC 20,000 Asia Lagash
33%
1500 BC to 1430 BC 60,000 Asia Middle {Hittite} Empire
33%
2112 BC to 2004 BC 40,000 Asia Neo-{Sumerian} Empire
33%
1595 BC to 1500 BC 60,000 Asia Old {Hittite} Empire
33%
860 BC to 590 BC 80,000 Asia Kingdom of {Urartu}
17%
1670 to 1902, 1935 to 1957 100,000 Africa {Ashanti} Empire
0%
1500 BC to 1300 BC 120,000 Asia Kingdom of {Mitanni}
0%
1961 BC to 1674 BC 40,000 Asia Larsa
0%
1200 BC to 700 BC 80,000 Asia Phrygia
0%
1157 BC to 1025 BC 80,000 Asia Second Dynasty of {Isin]
0%
No matching quizzes found
Score Distribution
Percent of People with Each Score
Percentile by Number Answered
Your Score History
You have not taken this quiz